Word Pogo Stick Quiz Stats

 Plays Quiz not verified by Sporcle

Support Sporcle.
Go Orange.
Score 0/20 Timer 02:00
0 Plays Today
Clue 3 or 4 Letter Word % Correct
????
100%
????
95.1%
????
94.4%
????
91.2%
????
81.4%
????
79.4%
????
75.2%
????
74.5%
????
73.9%
????
71.6%
Clue 3 or 4 Letter Word % Correct
????
69.9%
????
68.3%
????
57.8%
????
57.5%
????
56.5%
????
55.6%
????
55.2%
????
54.6%
????
52.9%
????
48.7%

You're not logged in!

Compare scores with friends on all Sporcle quizzes.
OR
Log In

From the Vault

Lingo from the 1980s

by hatefulmissy

Dude, we are like so totally psyched about this quiz.
Remove Ads.
Support Sporcle.
Get the best of Sporcle when you Go Orange. This ad-free experience offers more features, more stats, and more fun while also helping to support Sporcle. Thank you for becoming a member.

Show Comments

Extras

Top Quizzes Today


Score Distribution

Your Account Isn't Verified!

In order to create a playlist on Sporcle, you need to verify the email address you used during registration. Go to your Sporcle Settings to finish the process.

Report this User

Report this user for behavior that violates our Community Guidelines.

Details: